书目信息 |
| 题名: |
繁星·春水
|
|
| 作者: | 冰心 著 | |
| 分册: | ||
| 出版信息: | 长沙 湖南文艺出版社 2018.2 |
|
| 页数: | 213页 | |
| 开本: | 21cm | |
| 丛书名: | ||
| 单 册: | ||
| 中图分类: | I226.1 | |
| 科图分类: | ||
| 主题词: | 新诗--xin shi--诗集--中国--现代 | |
| 电子资源: | ||
| ISBN: | 978-7-5404-8479-8 | |
| 000 | 00973nam0 2200253 450 | |
| 001 | 2156229588 | |
| 005 | 20211011172911.0 | |
| 010 | @a978-7-5404-8479-8@b精装@dCNY43.80 | |
| 100 | @a20180412d2018 em y0chiy50 ea | |
| 101 | 0 | @achi |
| 102 | @aCN@b430000 | |
| 105 | @ay z 000gy | |
| 106 | @ar | |
| 200 | 1 | @a繁星·春水@Afan xing chun shui@dStars & spring water@f冰心著@zeng |
| 210 | @a长沙@c湖南文艺出版社@d2018.2 | |
| 215 | @a213页@d21cm | |
| 314 | @a冰心,诗人、作家、翻译家等。代表作《繁星》等。 | |
| 330 | @a全书收录了冰心的诗歌代表作《繁星》《春水》及冰心的其他四十余篇诗作,如《可爱的》《迎神曲》《诗的女神》《病的诗人》《别踩了这朵花》等。诗文后面还附有冰心分别于1959年和1980年所作的《繁星》和《春水》创作谈以及对小读者在作诗方面的建议。 | |
| 510 | 1 | @aStars & spring water@zeng |
| 606 | 0 | @a新诗@Axin shi@x诗集@y中国@z现代 |
| 690 | @aI226.1@v5 | |
| 701 | 0 | @a冰心@Abing xin@4著 |
| 801 | 0 | @aCN@b百万庄@c20211005 |
| 905 | @b1304578-581@dI226.1@e125@f4 | |
| 繁星·春水=Stars & spring water/冰心著.-长沙:湖南文艺出版社,2018.2 |
| 213页;21cm |
| ISBN 978-7-5404-8479-8(精装):CNY43.80 |
| 全书收录了冰心的诗歌代表作《繁星》《春水》及冰心的其他四十余篇诗作,如《可爱的》《迎神曲》《诗的女神》《病的诗人》《别踩了这朵花》等。诗文后面还附有冰心分别于1959年和1980年所作的《繁星》和《春水》创作谈以及对小读者在作诗方面的建议。 |
| ● |
| 相关链接 |
|
|
|
|
正题名:繁星·春水
索取号:I226.1/125
 
预约/预借
| 序号 | 登录号 | 条形码 | 馆藏地/架位号 | 状态 | 备注 |
| 1 | 1304578 | 213045783 | 第一样本阅览室/ [索取号:I226.1/125] | 在馆 | |
| 2 | 1304579 | 213045792 | 第二借阅区/ [索取号:I226.1/125] | 在馆 | |
| 3 | 1304580 | 213045809 | 第二借阅区/ [索取号:I226.1/125] | 在馆 | |
| 4 | 1304581 | 213045818 | 第二借阅区/ [索取号:I226.1/125] | 在馆 |